00409pab a2200133 454500008004000000100002600040245011000066260000900176300001500185362000800200650001600208650002600224773002500250180718b2014 xxu||||| |||| 00| 0 eng d aFilomeno, Felipe Amin aPatterns of rule-making and intellectual property regime; Lessons from South American Soybean agriculture c2014 ap.439-458. aJul aAgriculture aIntellectual property aComparative Politics